Food and obesity : (Record no. 976)

MARC details
000 -LEADER
fixed length control field 01093nam a2200205 a 4500
005 - DATE AND TIME OF LATEST TRANSACTION
control field 20260322212041.0
008 - FIXED-LENGTH DATA ELEMENTS--GENERAL INFORMATION
fixed length control field data
050 0# - LIBRARY OF CONGRESS CALL NUMBER
Classification number RA784
099 ## - LOCAL FREE-TEXT CALL NUMBER (OCLC)
Classification number DVD WD 210 F663
001 - CONTROL NUMBER
control field data
110 2# - MAIN ENTRY--CORPORATE NAME
Corporate name or jurisdiction name as entry element Films for the Humanities & Sciences (Firm)
245 10 - TITLE STATEMENT
Title Food and obesity :
Remainder of title what we eat /
Statement of responsibility, etc. Films for the Humanities & Sciences (Firm).
246 ## - VARYING FORM OF TITLE
Title proper/short title What we eat
260 ## - PUBLICATION, DISTRIBUTION, ETC.
Place of publication, distribution, etc. Princeton, NJ :
Name of publisher, distributor, etc. Films for the Humanities & Sciences,
Date of publication, distribution, etc. 2007, 2006
300 ## - PHYSICAL DESCRIPTION
Extent DVD video 1 videodisc (46 min.) : sd., col. ;
Other physical details 4 3/4 in.
500 ## - GENERAL NOTE
General note Title from disc label./ Originally broadcast as a series of segments of The national magazine, c2006./ Participants: Peter Mansbridge, news anchor.
520 ## - SUMMARY, ETC.
Summary, etc. This program explores a glaring paradox in Canada's food-obsessed culture: that knowledge of nutrition has never been better while the collective wisdom has never been worse. Profiles several families showing the real-world challenges of healthy eating. TV chef Michael Bonacini, historian Harvey Levenstein, and Foodshare director Debbie Field add commentary.
650 #2 - SUBJECT ADDED ENTRY--TOPICAL TERM
Topical term or geographic name entry element Diet
650 #2 - SUBJECT ADDED ENTRY--TOPICAL TERM
Topical term or geographic name entry element Nutrition
Holdings
Withdrawn status Lost status Damaged status Not for loan Home library Current library Shelving location Date acquired Total checkouts Full call number Barcode Date last seen Price effective from Koha item type
        Riverside Riverside General stacks 22/03/2026   RA784 BC0011008 22/03/2026 22/03/2026 Books